Visualizzazione normale
Vista MARC
- Stewart S.
di Personal Name
Records bibliografici associati: 1
001 - CONTROL NUMBER
- control field: 27886
003 - CONTROL NUMBER IDENTIFIER
- control field: IT-RoPau
005 - DATE AND TIME OF LATEST TRANSACTION
- control field: 20140529151811.0
008 - FIXED-LENGTH DATA ELEMENTS
- fixed length control field: 140529|| aca||aabn | a|a d
040 ## - CATALOGING SOURCE
- Original cataloging agency: IT-RoPau
- Transcribing agency: IT-RoPau
100 ## - HEADING--PERSONAL NAME
- Personal name: Stewart S.
- Dates associated with a name: Codice autore SPICS: 31074
- Relator term: Autore musica
- Name of part/section of a work: 8, 9 & 10
670 ## - SOURCE DATA FOUND
- Source citation: Work cat.: (IT-RoPau)99310: AA.VV. 794, Contrabbasso nel jazz (Il)